Pays par une seule indice #1 - Statistiques

Statistiques générales
  • Ce quiz a été pris 439 fois
  • Le résultat moyen est 11 sur 20
Statistiques - réponses
indice pays % Correct
A donné la statue de la liberté aux États-Unis France
97%
Sur la frontière sud d'Egypte Soudan
81%
Situé dans les Pyrénées Andorre
76%
A gagné environ 1/3 de tous les prix Nobel jamais accordés Etats-Unis
73%
Pays enclavé qui ne serait pas enclavé si le Vietnam n'existait pas Laos
72%
Le Costa Rica est situé sur sa frontière sud Nicaragua
67%
Le plus grand pays d'Océanie avec cinq lettres Fidji
64%
Là où la musique mariachi est originaire Mexique
62%
Petit pays directement au sud du Rwanda Burundi
61%
Partage son nom avec un état des États-Unis Géorgie
56%
Autrefois la propriété personnelle du roi Léopold II de Belgique République démocratique du Congo
53%
Le plus grand pays qui borde le lac Victoria Tanzanie
49%
Il y a la plus grande superficie entre les Tropiques du Cancer et le Capricorne Brésil
48%
La majeure partie de sa superficie est située sur la péninsule d'Anatolie Turquie
44%
Son nom signifie "Sauveur" Salvador
42%
La Dalmatie est l'une de ses quatre régions historiques Croatie
35%
Où l'archevêque Desmond Tutu a servi Afrique du Sud
30%
Contient le plus de chrétiens d'un pays asiatique Philippines
23%
Pays où Columbus a d'abord atterri Bahamas
11%
A plus d'éléphants que n'importe quel autre pays Botswana
8%
Aucun quiz correspondant
Distribution des résultats
% des personnes avec chaque résultat
Percentile par nombre de réponses
Votre historique - résultats
Vous n’avez pas pris ce quiz